<?xml version="1.0" encoding="UTF-8"?>
<collection xmlns:xsi="http://www.w3.org/2001/XMLSchema-instance" xsi:schemaLocation="http://www.loc.gov/MARC21/slim http://www.loc.gov/standards/marcxml/schema/MARC21slim.xsd" xmlns="http://www.loc.gov/MARC21/slim">
 <record>
  <leader>00000ctm a22000003a 4500</leader>
  <controlfield tag="001">UP-99796217613424648</controlfield>
  <controlfield tag="003">Buklod</controlfield>
  <controlfield tag="005">20200706182540.0</controlfield>
  <controlfield tag="006">t    gr     000 0 </controlfield>
  <controlfield tag="007">ta</controlfield>
  <controlfield tag="008">200706s2000    xx     d     r    |||| u|</controlfield>
  <datafield tag="035" ind1=" " ind2=" ">
   <subfield code="a">(iLib)UPD-00516573232</subfield>
  </datafield>
  <datafield tag="040" ind1=" " ind2=" ">
   <subfield code="a">DMC</subfield>
   <subfield code="e">rda</subfield>
  </datafield>
  <datafield tag="041" ind1=" " ind2=" ">
   <subfield code="a">eng</subfield>
  </datafield>
  <datafield tag="041" ind1=" " ind2=" ">
   <subfield code="a">fil</subfield>
  </datafield>
  <datafield tag="100" ind1="1" ind2=" ">
   <subfield code="a">Gonzales, Abigail Salvador</subfield>
   <subfield code="e">author.</subfield>
  </datafield>
  <datafield tag="245" ind1="1" ind2="0">
   <subfield code="a">Feminism in Cartoon Network programs</subfield>
   <subfield code="b">a content analysis</subfield>
   <subfield code="c">by Abigail Salvador Gonzales.</subfield>
  </datafield>
  <datafield tag="264" ind1=" " ind2="0">
   <subfield code="a">Quezon City</subfield>
   <subfield code="b">College of Mass Communication, University of the Philippines Diliman</subfield>
   <subfield code="c">2000.</subfield>
  </datafield>
  <datafield tag="300" ind1=" " ind2=" ">
   <subfield code="a">92 leaves</subfield>
   <subfield code="b">color illustrations</subfield>
   <subfield code="c">28 cm</subfield>
  </datafield>
  <datafield tag="336" ind1=" " ind2=" ">
   <subfield code="a">text</subfield>
   <subfield code="2">rdacontent</subfield>
  </datafield>
  <datafield tag="337" ind1=" " ind2=" ">
   <subfield code="a">unmediated</subfield>
   <subfield code="2">rdamedia</subfield>
  </datafield>
  <datafield tag="338" ind1=" " ind2=" ">
   <subfield code="a">volume</subfield>
   <subfield code="2">rdacarrier</subfield>
  </datafield>
  <datafield tag="500" ind1=" " ind2=" ">
   <subfield code="a">Vita.</subfield>
  </datafield>
  <datafield tag="502" ind1=" " ind2=" ">
   <subfield code="a">Thesis (A.B. Broadcast Communication)--University of the Philippines Diliman</subfield>
   <subfield code="d">October 2000.</subfield>
  </datafield>
  <datafield tag="506" ind1=" " ind2=" ">
   <subfield code="a">Available to the general public.</subfield>
  </datafield>
  <datafield tag="520" ind1=" " ind2=" ">
   <subfield code="a">&quot;Feminism in Cartoon Network Programs : A Content Analysis&quot; is a study which sought to determine how the cable channel Cartoon Network portrays its female characters. It achieved this with the use of the content analysis research method in order to arrive at an objective and scientifically sound conclusion. Cartoon Network programs were recorded from 9 to 11 in the morning (before children go to school) and 4 to 6 in the afternoon (after children arrive from classes). This recording continued until the episodes hit the target sample of one hundred (100). Therefore a total of one hundred content analysis forms were accomplished. In the said forms, different aspects of the female characters were scrutinized. Their number and visibility, the roles they played in relation to the plot, their occupation, their economic standing, their social roles, their aesthetic appeal, their positive and negative traits, their problems, and the rate they solve these problem were all studied to determine how Cartoon Network paints the image of the female. In addition to these, the patterns of dominance between the female and the male characters were also taken into consideration to determine who dominates whom for most of the time. Findings proved to be astounding. Although there were substantially more males cast in the lead roles, the males were usually dominated by the female characters, who were mostly cast as extras. The method of domination most utilized was physical force. The female characters were in fact, stronger that their male counterparts. This is proof that the &quot;weaker sex&quot; stereotype attached to the female gender is not very evident in Cartoon Network. Besides extra-ordinary strength, these female characters had more positive traits that negative traits. They were caring and intelligent individuals who did not need outside help in solving their problems. These problems of theirs did not revolve around household of superficial dilemmas either. They were conflicts of universal concern such as fighting crime, saving the world, overcoming one's self and battling against evil forces. Cartoon Network provides an innovative, though not extremely radical, portrayal of females. Its programs glorify the image of the female through the female cartoon character's physique, personality, and intelligence. Cartoon Network has an ample number of female characters in its episodes who are not typecasts of the traditional and submissive &quot;weaker sex&quot;.</subfield>
  </datafield>
  <datafield tag="650" ind1=" " ind2="0">
   <subfield code="a">Cartoon characters</subfield>
   <subfield code="z">Women</subfield>
   <subfield code="x">dentity.</subfield>
  </datafield>
  <datafield tag="650" ind1=" " ind2="0">
   <subfield code="a">Cartoon Network</subfield>
   <subfield code="z">Femininity in motion pictures.</subfield>
  </datafield>
  <datafield tag="710" ind1="2" ind2=" ">
   <subfield code="a">University of the Philippines Diliman</subfield>
   <subfield code="b">College of Mass Communication.</subfield>
  </datafield>
  <datafield tag="905" ind1=" " ind2=" ">
   <subfield code="a">FI</subfield>
  </datafield>
  <datafield tag="905" ind1=" " ind2=" ">
   <subfield code="a">UP</subfield>
  </datafield>
  <datafield tag="852" ind1="0" ind2=" ">
   <subfield code="a">UPD</subfield>
   <subfield code="b">DMC</subfield>
  </datafield>
  <datafield tag="942" ind1=" " ind2=" ">
   <subfield code="a">Thesis</subfield>
  </datafield>
 </record>
</collection>
